Solve the Secret Country by 6 Clues in 60 Seconds #4 - Statistics

General Stats
  • This quiz has been taken 2,066 times
  • The average score is 4 of 6
Answer Stats
Answer % Correct
2nd Clue - This country lies wholly northern of the Equator.
100%
3rd Clue - The name of its capital is longer than the country name.
98%
4th Clue - This country has at least one star in its flag.
93%
5th Clue - The land area of this country is more than 100,000 square kilometres.
75%
6th Clue - The official language of this country is Dutch.
51%
THE ANSWER IS {SURINAME}.
30%
No matching quizzes found
Score Distribution
Percent of People with Each Score
Percentile by Number Answered
Your Score History
You have not taken this quiz